...कहना जरूरी था / (Record no. 26291)

MARC details
000 -LEADER
fixed length control field 03284nam a22003977a 4500
005 - DATE AND TIME OF LATEST TRANSACTION
control field 20090513112559.0
008 - FIXED-LENGTH DATA ELEMENTS--GENERAL INFORMATION
fixed length control field 090513t xxu||||| |||| 00| u hin d
010 ## - LCCN (DPL NO)
LC control number HIN-86448
020 ## - INTERNATIONAL STANDARD BOOK NUMBER
International Standard Book Number 9788171381906
Terms of availability 250.00
035 ## - SYSTEM CONTROL NUMBER
System control number HN-58794
035 ## - SYSTEM CONTROL NUMBER
System control number B-352310-316
037 ## - SOURCE OF ACQUISITION
Source of stock number/acquisition DBAD / PUB
037 ## - SOURCE OF ACQUISITION
Source of stock number/acquisition सामयिक प्रकाशन
040 ## - CATALOGING SOURCE
Original cataloging agency dpl
Language of cataloging hn
082 ## - DEWEY DECIMAL CLASSIFICATION NUMBER
Classification number 808.883
100 ## - MAIN ENTRY--PERSONAL NAME
Personal name कन्हैयालाल नंदन
245 ## - TITLE STATEMENT
Title ...कहना जरूरी था /
Statement of responsibility, etc कन्हैयालाल नंदन
246 ## - VARYING FORM OF TITLE
Title proper/short title ...Kahanaa Jarurii thaa
Remainder of title by Kanhaiyalal Nandan
260 ## - PUBLICATION, DISTRIBUTION, ETC. (IMPRINT)
Place of publication, distribution, etc नई दिल्ली
Name of publisher, distributor, etc सामयिक प्रकाशन
Date of publication, distribution, etc 2009
270 ## - ADDRESS
Address 3320-21, जटवाड़ा, नेताजी सुभाष मार्ग दरियागंज,
City नई दिल्ली
Postal code 110002
Telephone number 011-23282733, 09868934715, 09811607086
Fax number 23270715
Electronic mail address samayikprakashan@rediffmail.com
300 ## - PHYSICAL DESCRIPTION
Extent 176 पृ.
Dimensions 22सेमी (सजिल्द)
600 ## - SUBJECT ADDED ENTRY--PERSONAL NAME
Personal name कन्हैयालाल नंदन
600 ## - SUBJECT ADDED ENTRY--PERSONAL NAME
Personal name Kanhaiyalal Nandan
650 ## - SUBJECT ADDED ENTRY--TOPICAL TERM
Topical term or geographic name as entry element स्मृति
650 ## - SUBJECT ADDED ENTRY--TOPICAL TERM
Topical term or geographic name as entry element Memory
942 ## - ADDED ENTRY ELEMENTS (KOHA)
Source of classification or shelving scheme Dewey Decimal Classification
Item type Hindi Books
Call number suffix कन्हैया
Classification part 808.883
Holdings
Withdrawn status Lost status Source of classification or shelving scheme Damaged status Not for loan Home library Current library Date acquired Source of acquisition Cost, normal purchase price Total Checkouts Full call number Barcode Date last seen Copy number Cost, replacement price Koha item type Collection code Total Renewals
    Dewey Decimal Classification     Central Library Central Library 30/01/2010 1001(1)/20.07.09/95/11.07.09/29.07.09 250.00   808.883 कन्हैया B-352310 30/01/2010 1 250.00 Hindi Books Non-fiction  
    Dewey Decimal Classification   Not For Loan D.B.Act.Division D.B.Act.Division 13/05/2009 DBAD / PUB 250.00   808.883 कन्हैया HN-58794 13/05/2009 1 250.00 Hindi Books    
    Dewey Decimal Classification     Janak Puri Janak Puri 30/01/2010 1001(1)/20.07.09/95/11.07.09/29.07.09 250.00 6 808.883 कन्हैया B-352312 06/05/2023 1 250.00 Hindi Books Non-fiction 2
    Dewey Decimal Classification     Karol Bagh Karol Bagh 30/01/2010 1001(1)/20.07.09/95/11.07.09/29.07.09 250.00   808.883 कन्हैया B-352315 30/01/2010 1 250.00 Hindi Books Non-fiction  
    Dewey Decimal Classification     Patel Nagar Patel Nagar 30/01/2010 1001(1)/20.07.09/95/11.07.09/29.07.09 250.00   808.883 कन्हैया B-352311 30/01/2010 1 250.00 Hindi Books Non-fiction  
    Dewey Decimal Classification     Sarojini Nagar Sarojini Nagar 30/01/2010 1001(1)/20.07.09/95/11.07.09/29.07.09 250.00 2 808.883 कन्हैया B-352313 14/03/2024 1 250.00 Hindi Books Non-fiction 2
    Dewey Decimal Classification     Shahdara Branch Shahdara Branch 30/01/2010 1001(1)/20.07.09/95/11.07.09/29.07.09 250.00   808.883 कन्हैया B-352316 30/01/2010 1 250.00 Hindi Books Non-fiction  
    Dewey Decimal Classification     Vinoba Puri Vinoba Puri 30/01/2010 1001(1)/20.07.09/95/11.07.09/29.07.09 250.00 4 808.883 कन्हैया B-352314 08/04/2024 1 250.00 Hindi Books Non-fiction 1

© Delhi Public Library
Hit Counter
free hit counter